Storie di diritto romano. Origine ed evoluzione di un sistema sociale.

Guardat en:
Dades bibliogràfiques
Autor principal: Theres Fögen, Marie (Autor)
Altres autors: Mazzacane, Aldo (edizione italiana)
Format: Llibre
Idioma:anglès
Publicat: Bologna, Italia: Il Mulino, 2005.
Col·lecció:Saggi, 635.
Matèries:
Etiquetes: Afegir etiqueta
Sense etiquetes, Sigues el primer a etiquetar aquest registre!

MARC

LEADER 00000nam a22000007a 4500
003 CL-VaPUC
005 20220822114421.0
008 220221t2005 ||||| |||| 00| 0 eng d
999 |c 434459  |d 434457 
020 |a 88-15-10599-9 
040 |c Pontificia Universidad Católica de Valparaíso 
082 |a 340.5409 THE 2005  |2 22 
100 1 |a Theres Fögen, Marie   |e author  |9 866267 
245 |a Storie di diritto romano.  |b Origine ed evoluzione di un sistema sociale.  
260 |a Bologna, Italia:   |b Il Mulino,   |c 2005.  
300 |a 230 páginas.  
490 |a Saggi,   |v  635.  
500 |a c.1 Donación Familia Prof. Alejandro Guzmán Brito. 
583 |c 20220221  |k Yessy Stephany Diaz Vidal 
650 0 |a Derecho romano  |9 255930  |x Historia  
700 |a Mazzacane, Aldo  |9 392778  |e edizione italiana  
942 |2 ddc  |c BK  |n 0 
952 |0 0  |1 0  |2 ddc  |4 0  |6 340_540900000000000_THE_2005  |7 1  |8 C_AGB  |9 581337  |a BIBDER  |b BIBDER  |d 2022-02-21  |e Donación   |i 5646839  |o 340.5409 THE 2005  |p 5646839  |r 2023-01-25  |t 1  |w 2022-02-21  |y BK_US  |k AGB